Gatunki człowieka - Statystyki

Ogólne statystyki
  • Ten quiz został rozwiązany 132 razy
  • Średni wynik to 3 z 7
Statystyki odpowiedzi
Lata życia Odpowiedź % Poprawnych
250 tyś.- 24. tyś lat temu Neandertalczyk
76%
300 tyś. lat temu - dziś Człowiek rozumny
72%
4.2 mln - 1.78 mln lat temu Australopitek
62%
1.9 mln - 143 tys. lat temu Człowiek wyprostowany
45%
2.3 mln - 1.7 mln lat temu Człowiek zręczny
43%
4.4 mln lat temu Ardipitek
12%
7.2 mln - 6 mln lat temu Sahelantrop
7%
Nie znaleziono quizów pasujących do podanych kryteriów
Rozkład punktacji
Procent ludzi z każdym wynikiem
Percentyl według liczby udzielonych odpowiedzi
Twoja historia wyników
Nie rozwiązałeś tego quizu